Disney princess native countries - Statistics

General Stats
  • This quiz has been taken 28 times
  • The average score is 11 of 14
Answer Stats
Hint Answer % Correct
Pocahontas USA
96%
Tiana USA
96%
Cinderella France
92%
Aurora France
92%
Belle France
92%
Snow White Germany
92%
Rapunzel Germany
92%
Mulan China
88%
Elsa Norway
88%
Anna Norway
88%
Merida Scotland
65%
Ariel Denmark
58%
Jasmine India
46%
Moana Polynesia
15%
No matching quizzes found
Score Distribution
Percent of People with Each Score
Percentile by Number Answered
Your Score History
You have not taken this quiz